• 首页
  • 本馆介绍
  • 公告通知
  • 最新文献
  • 馆藏检索
  • 电子资源
  • 读者导购
  • 参考咨询
  • 我的图书馆
  • 登录
  • 详细信息显示
  • 放入我的书架
  • 预约/预借图书
  • 作者相关作品
  • 分类相关作品
  • 丛书相关作品
  • 出版社相关作品

书目信息

  • 表格格式
  • 工作单格式
  • 卡片格式
题名:
中外著名演说鉴赏
    
 
作者: 陶涛 主编
分册: 上  
出版信息: 长春   吉林人民出版社  2005
页数: 11,464页
开本: 20cm
丛书名:
单 册:
中图分类: I106.6
科图分类:
主题词: 演说--鉴赏--世界 , 演说
电子资源:
ISBN: 7-206-01852-1
000 00777nam0 2200253 45
001 012005200190
005 20070709084328.60
010    @a7-206-01852-1@dCNY75.00(全2册)
092    @aCN@b471304
100    @a20051017d2005 em y0chiy0121 ea
101 1  @achi@cmul
102    @aCN@b220000
105    @ay z 000hy
200 1  @a中外著名演说鉴赏@9zhong wai zhu ming yan shuo jian shang@h上@f陶涛主编
205    @a2版
210    @a长春@c吉林人民出版社@d2005
215    @a11,464页@d20cm
330    @a主要内容:政治演说、军事演说、法律演说、教育演说、科技演说、文学艺术演说、文化演说、学术演说等。
606 0  @a演说@x鉴赏@y世界
606 0  @a演说
690    @aI106.6@v4
701  0 @a陶涛@9tao tao@4主编
801  0 @aCN@bLZJBOOK@c20070709
905    @a10447@dI106.6@e196:1=2
    
    中外著名演说鉴赏.上/陶涛主编.-2版.-长春:吉林人民出版社,2005
    11,464页;20cm
    
    
    ISBN 7-206-01852-1:CNY75.00(全2册)
    主要内容:政治演说、军事演说、法律演说、教育演说、科技演说、文学艺术演说、文化演说、学术演说等。
●
相关链接 在E读中查询图书 在五车中查询图书 在当当中查询图书 在豆瓣中查询图书


正题名:中外著名演说鉴赏     索取号:I106.6/196:1=2         预约/预借

序号 登录号 条形码 馆藏地/架位号 状态 备注
1 0555201   205552016   第一样本阅览室/ [索取号:I106.6/196:1=2] 在馆    
2 0555202   205552025   第二借阅区/ [索取号:I106.6/196:1=2] 在馆    
3 0555203   205552034   第二借阅区/ [索取号:I106.6/196:1=2] 在馆    
4 0555204   205552043   第二借阅区/ [索取号:I106.6/196:1=2] 在馆    
5 0555205   205552052   第二借阅区/ [索取号:I106.6/196:1=2] 在馆    
6 0555206   205552061   第二借阅区/ [索取号:I106.6/196:1=2] 在馆    
7 0555207   205552070   第二借阅区/ [索取号:I106.6/196:1=2] 在馆    
8 0555208   205552089   第二借阅区/ [索取号:I106.6/196:1=2] 在馆    
唐山师范学院图书馆 欢迎您!
大连网信软件有限公司© 版权所有